Regulatory impact analysis best practices in OECD countries
Gespeichert in:
| Format: | Buch |
|---|---|
| Sprache: | Englisch |
| Veröffentlicht: |
Paris
OECD
1997
|
| Schlagworte: | |
| Tags: |
Keine Tags, Fügen Sie das erste Tag hinzu!
|
MARC
| LEADER | 00000nam a2200000 4500 | ||
|---|---|---|---|
| 001 | c117898 | ||
| 005 | 20221124074918.9 | ||
| 020 | |a 92-64-15603-8 | ||
| 041 | 0 | |a eng | |
| 044 | |a FR | ||
| 245 | 1 | 0 | |a Regulatory impact analysis |b best practices in OECD countries |
| 264 | 1 | |a Paris |b OECD |c 1997 | |
| 300 | |a 291 s. | ||
| 610 | 2 | 0 | |a regulácia |
| 610 | 2 | 0 | |a regulácia hospodárska |
| 610 | 2 | 0 | |a analýzy |
| 610 | 2 | 0 | |a ukazovatele |
| 610 | 2 | 0 | |a náklady |
| 610 | 2 | 0 | |a svet |
| 610 | 2 | 0 | |a OECD |